| 000 | 00766nam a2200289Ia 4500 | ||
|---|---|---|---|
| 001 | 13432 | ||
| 003 | IT-RoPAU | ||
| 008 | 130308s9999 xx 000 0 und d | ||
| 040 | _aIT-RoPAU | ||
| 040 | _cIT-RoPAU | ||
| 041 | _aITALIANO | ||
| 100 | _aRanieri Tino | ||
| 100 | _gCodice Aut. SPICS: 2201 | ||
| 245 | _aDreyer: tecnica e rivelazione | ||
| 245 | _bStoria del Cinema-1-Dalle Origini all'avvento del Sonoro | ||
| 250 | _a1a ed. | ||
| 260 | _aVENEZIA | ||
| 260 | _bMarsilio | ||
| 260 | _c1978 [1° Ed.:1978 - Ed.Ling.Originale:1978] | ||
| 300 | _a"11 p. (prefazione: no ; testo: 11 [pagine: 212-222])" | ||
| 650 | _aSTORIA DEL CINEMA | ||
| 650 | _eCodice materia Spics: 6808 | ||
| 942 | _cBK | ||
| 957 | _71 | ||
| 999 |
_c53587 _d53587 |
||
| 999 | _bSI | ||
| 999 | _g1 | ||